Numerical computational methods / (Record no. 189128)
[ view plain ]
| 000 -LEADER | |
|---|---|
| fixed length control field | 00795nam a2200241Ia 4500 |
| 005 - DATE AND TIME OF LATEST TRANSACTION | |
| control field | 20220621112453.0 |
| 008 - FIXED-LENGTH DATA ELEMENTS--GENERAL INFORMATION | |
| fixed length control field | 210716s2006 xx 000 0 und d |
| 020 ## - INTERNATIONAL STANDARD BOOK NUMBER | |
| International Standard Book Number | 9788173199516 |
| 040 ## - CATALOGING SOURCE | |
| Transcribing agency | AIMIT LIBRARY |
| 041 ## - LANGUAGE CODE | |
| Language code of text/sound track or separate title | eng |
| 082 ## - DEWEY DECIMAL CLASSIFICATION NUMBER | |
| Classification number | 511.42 |
| Edition number | 1 |
| Item number | PATP |
| 100 ## - MAIN ENTRY--PERSONAL NAME | |
| Personal name | Patil, P B. |
| 9 (RLIN) | 44137 |
| 245 ## - TITLE STATEMENT | |
| Title | Numerical computational methods / |
| Statement of responsibility, etc. | By P B Patil and U P Verma. |
| 250 ## - EDITION STATEMENT | |
| Edition statement | 1st ed. |
| 260 ## - PUBLICATION, DISTRIBUTION, ETC. | |
| Place of publication, distribution, etc. | New Delhi : |
| Name of publisher, distributor, etc. | Narosa Publishing House , |
| Date of publication, distribution, etc. | 2009. |
| 300 ## - PHYSICAL DESCRIPTION | |
| Extent | xiii,669p. ; |
| Dimensions | 24 cm. |
| 650 ## - SUBJECT ADDED ENTRY--TOPICAL TERM | |
| Topical term or geographic name entry element | Numerical method error and algorithms |
| 9 (RLIN) | 44138 |
| 650 ## - SUBJECT ADDED ENTRY--TOPICAL TERM | |
| Topical term or geographic name entry element | Numerical solutions of transcendental equations |
| 9 (RLIN) | 44139 |
| 650 ## - SUBJECT ADDED ENTRY--TOPICAL TERM | |
| Topical term or geographic name entry element | Solutions of eigen equations |
| 9 (RLIN) | 44140 |
| 650 ## - SUBJECT ADDED ENTRY--TOPICAL TERM | |
| Topical term or geographic name entry element | Numerical integration |
| 9 (RLIN) | 44141 |
| 700 ## - ADDED ENTRY--PERSONAL NAME | |
| Personal name | Verma, U P. |
| 9 (RLIN) | 44142 |
| 942 ## - ADDED ENTRY ELEMENTS (KOHA) | |
| Source of classification or shelving scheme | Dewey Decimal Classification |
| Koha item type | Book |
| Edition | 1st |
| Call number prefix | 511.42 PATP |
| Withdrawn status | Lost status | Source of classification or shelving scheme | Damaged status | Not for loan | Collection code | Home library | Current library | Source of acquisition | Cost, normal purchase price | Inventory number | Total Checkouts | Full call number | Barcode | Date last seen | Cost, replacement price | Price effective from | Koha item type |
|---|---|---|---|---|---|---|---|---|---|---|---|---|---|---|---|---|---|
| Dewey Decimal Classification | MCA | St Aloysius Institute of Management & Information Technology | St Aloysius Institute of Management & Information Technology | Athulya Books | 390.00 | Bill no:ABK.505; Bill dt:2008-12 | 511.42 PATP | MCA08636 | 05/23/2026 | 304.20 | 07/16/2021 | Book | |||||
| Dewey Decimal Classification | MCA | St Aloysius Institute of Management & Information Technology | St Aloysius Institute of Management & Information Technology | Narosa Book Distributors | 495.00 | Bill no:67452; Bill dt:2015-05-2 | 511.42 PATP | MCA14287 | 05/23/2026 | 371.25 | 07/16/2021 | Book |